000 00347nam a2200133Ia 4500
008 151001s9999||||xx |||||||||||||| ||und||
100 _aअर्चना वर्टीकर
245 _aजळात सोडलेले दिवे
250 _a1
260 _bक्ष
260 _c2008
300 _a110
365 _b21
999 _c990803
_d990800